[Event "XXXV Festival Conca della Presolana A"]
[Site "Castione della Presolana ITA"]
[Date "2015.08.26"]
[Round "4"]
[White "Gardi, Giuseppe"]
[Black "Mascheroni, Maurizio"]
[WhiteElo "1925"]
[BlackElo "1945"]
[Result "0-1"]
[PlyCount "130"]
[EventDate "2015.08.23"]

1. d4 Nf6 2. c4 e6 3. Nf3 b6 4. Bf4 Bb7 5. e3 Bb4+ 6. Nfd2 O-O 7. a3 Be7 8. Nc3
d6 9. h3 Nbd7 10. Nf3 Ne4 11. Nxe4 Bxe4 12. Bd3 Bxd3 13. Qxd3 c5 14. O-O cxd4
15. exd4 Nf6 16. Rfe1 d5 17. b3 Rc8 18. Rec1 h6 19. Be3 Ne4 20. b4 Nd6 21. c5
Nc4 22. Nd2 Nxd2 23. Qxd2 Qd7 24. Bf4 Bf6 25. Re1 Qa4 26. Qe3 bxc5 27. Qg3 cxd4
28. Bd6 Rc3 29. Qg4 Re8 30. Bc5 Rxa3 31. Rad1 d3 32. f4 d2 33. Rf1 a5 34. f5 e5
35. Rxd2 d4 36. Re1 axb4 37. Qe4 Ra1 38. Rde2 Rxe1+ 39. Rxe1 Rc8 40. Bd6 Qc6
41. Qxc6 Rxc6 42. Bxb4 Rc4 43. Bd6 d3 44. Kf1 e4 45. Bf4 Bg5 46. Bxg5 hxg5 47.
Kf2 Kf8 48. Rd1 Ke7 49. Ke3 Kf6 50. g4 Ke5 51. Ra1 Kd5 52. Ra8 Kc5 53. Rb8 Rb4
54. Rf8 f6 55. Rc8+ Kb5 56. Rc7 Rc4 57. Rb7+ Kc5 58. Rc7+ Kb4 59. Rxg7 Kc3 60.
Rd7 Kc2 61. Rd6 Rc3 62. Rd7 d2+ 63. Ke2 e3 64. Rd6 Kc1 65. Rd7 Rc2 0-1

[Event "XXXV Festival Conca della Presolana A"]
[Site "Castione della Presolana ITA"]
[Date "2015.08.26"]
[Round "4"]
[White "Gennaro, Isabella"]
[Black "Bracci, Andrea"]
[WhiteElo "1875"]
[BlackElo "1878"]
[Result "1/2-1/2"]
[PlyCount "51"]
[EventDate "2015.08.23"]

1. e4 c5 2. Nf3 e6 3. d4 cxd4 4. Nxd4 Nf6 5. Nc3 d6 6. Be2 Be7 7. Be3 a6 8. O-O
O-O 9. Kh1 Qc7 10. f4 Nc6 11. a4 Bd7 12. Nxc6 Bxc6 13. Bd3 b5 14. axb5 axb5 15.
Qe2 b4 16. Na2 Bxe4 17. Nxb4 Bxd3 18. Nxd3 d5 19. Bd4 Qc4 20. Be5 Qe4 21. Qxe4
Nxe4 22. b3 f6 23. Bd4 Bd6 24. Rxa8 Rxa8 25. Ra1 Rxa1+ 26. Bxa1 1/2-1/2

[Event "XXXV Festival Conca della Presolana A"]
[Site "Castione della Presolana ITA"]
[Date "2015.08.26"]
[Round "4"]
[White "Guerini, Silvia jr"]
[Black "De Maria, Isaia"]
[WhiteElo "1869"]
[BlackElo "1794"]
[Result "0-1"]
[PlyCount "90"]
[EventDate "2015.08.23"]

1. e4 c5 2. Nc3 Nc6 3. f4 g6 4. Nf3 Bg7 5. Bc4 e6 6. O-O Nge7 7. d3 d5 8. Bb3
O-O 9. Qe1 dxe4 10. dxe4 Nd4 11. Be3 b6 12. Rd1 Nec6 13. Nb5 Ba6 14. Nbxd4 cxd4
15. Nxd4 Nxd4 16. Rf2 Nxc2 17. Rxc2 Qe7 18. Qg3 Rfd8 19. Re1 Bd3 20. Rf2 Bxe4
21. Bxb6 axb6 22. Rxe4 Bd4 23. Rxd4 Rxd4 24. f5 exf5 25. Rxf5 Rf8 26. Rg5 Kg7
27. Re5 Qf6 28. Re1 Rf4 29. h3 Qd4+ 30. Kh1 Qf2 31. Qc3+ Kg8 32. Rd1 Re8 33.
Bc4 Rfe4 34. Kh2 Qc5 35. Bxf7+ Kxf7 36. Rf1+ Kg8 37. Qb3+ Kh8 38. Qf3 Qe5+ 39.
Kh1 Qe7 40. Kh2 Kg8 41. Qb3+ Qe6 42. Qf3 Re1 43. Rxe1 Qxe1 44. Qd5+ Qe6 45. Qb5
Qe5+ 0-1

[Event "XXXV Festival Conca della Presolana A"]
[Site "Castione della Presolana ITA"]
[Date "2015.08.26"]
[Round "4"]
[White "Lavorgna, Filippo"]
[Black "Dormio, Luca"]
[WhiteElo "1840"]
[BlackElo "1770"]
[Result "1-0"]
[PlyCount "66"]
[EventDate "2015.08.23"]

1. c4 Nf6 2. Nf3 g6 3. g3 Bg7 4. Bg2 d6 5. O-O O-O 6. Nc3 c5 7. d4 cxd4 8. Nxd4
a6 9. b3 Qc7 10. Bb2 Nc6 11. Nc2 Bd7 12. Qd2 Rac8 13. Ne3 Qa5 14. a3 Rfe8 15.
Rac1 Qh5 16. Ncd5 Ng4 17. Nxg4 Bxg4 18. Bxg7 Kxg7 19. f3 Be6 20. e4 Bxd5 21.
exd5 Ne5 22. Qd4 Kg8 23. f4 Ng4 24. h3 Nf6 25. b4 Nd7 26. g4 Qh6 27. c5 dxc5
28. bxc5 Qg7 29. Qxg7+ Kxg7 30. c6 bxc6 31. dxc6 Nb6 32. Rc5 Rc7 33. Rb1 Na4
1-0

[Event "XXXV Festival Conca della Presolana A"]
[Site "Castione della Presolana ITA"]
[Date "2015.08.26"]
[Round "4"]
[White "Lavorgna, Giovanni"]
[Black "Bossi, Alessandro"]
[WhiteElo "1914"]
[BlackElo "2043"]
[Result "0-1"]
[PlyCount "104"]
[EventDate "2015.08.23"]

1. d4 Nf6 2. Bf4 e6 3. Nf3 b6 4. e3 Bb7 5. Bd3 Ne4 6. O-O Be7 7. c4 f5 8. Nc3
Nxc3 9. bxc3 d6 10. Qe2 O-O 11. Rae1 g5 12. Bg3 Nd7 13. Nd2 e5 14. f4 e4 15.
Bc2 g4 16. c5 bxc5 17. Rb1 Bd5 18. Bb3 c6 19. Nc4 a5 20. a4 Qc8 21. dxc5 Bxc4
22. Bxc4+ d5 23. Ba2 Bxc5 24. Rfd1 Qa6 25. c4 Nb6 26. Rbc1 Rfd8 27. Bf2 Ba3 28.
Qc2 Bxc1 29. Rxc1 Qa7 30. Bh4 Rf8 31. cxd5 cxd5 32. Qc6 Rac8 33. Bxd5+ Nxd5 34.
Qxd5+ Qf7 35. Qd1 Rxc1 36. Qxc1 Qb3 37. h3 gxh3 38. gxh3 Rb8 39. Be1 Qxa4 40.
Qc7 Qb3 41. Bc3 Qb7 42. Qe5 a4 43. Qh8+ Kf7 44. Qxh7+ Ke6 45. Qg6+ Kd5 46. Bd4
Qd7 47. Qa6 Qb5 48. Qg6 Kc4 49. Kf2 Kb3 50. Qd6 Ka2 51. Qc7 Kb1 52. Qc3 Qb2+
0-1

[Event "XXXV Festival Conca della Presolana A"]
[Site "Castione della Presolana ITA"]
[Date "2015.08.26"]
[Round "4"]
[White "Lazzarini, Sabrina"]
[Black "Papa, Angelo"]
[WhiteElo "1786"]
[BlackElo "1744"]
[Result "1-0"]
[PlyCount "59"]
[EventDate "2015.08.23"]

1. e4 g6 2. d4 Bg7 3. Nc3 c6 4. Nf3 d6 5. Bf4 Nf6 6. Qd2 O-O 7. Bh6 b5 8. Bxg7
Kxg7 9. Bd3 Nbd7 10. O-O Qc7 11. Rfe1 e5 12. Rad1 Re8 13. dxe5 dxe5 14. Bf1 Bb7
15. h3 Rad8 16. Qe3 Qb6 17. Qxb6 axb6 18. Rd6 b4 19. Nb1 Nc5 20. Rxd8 Rxd8 21.
Nxe5 Re8 22. Nc4 Rxe4 23. Rxe4 Ncxe4 24. Nxb6 c5 25. Nc4 Ba6 26. Nbd2 Nxd2 27.
Nxd2 Bxf1 28. Kxf1 Nd5 29. g3 Kf6 30. Ne4+ 1-0

[Event "XXXV Festival Conca della Presolana A"]
[Site "Castione della Presolana ITA"]
[Date "2015.08.26"]
[Round "4"]
[White "Marchini, Daniele"]
[Black "Foglieni, Matteo"]
[WhiteElo "1885"]
[BlackElo "1969"]
[Result "0-1"]
[PlyCount "74"]
[EventDate "2015.08.23"]

1. d4 f5 2. Nf3 Nf6 3. g3 e6 4. Bg2 d5 5. O-O Bd6 6. c4 c6 7. Nc3 O-O 8. Qc2
Ne4 9. Rb1 b6 10. b4 Bb7 11. c5 Be7 12. h4 Bf6 13. Nxe4 fxe4 14. Ng5 Re8 15.
Rd1 h6 16. Nh3 e5 17. dxe5 Bxe5 18. Bb2 Qf6 19. f3 exf3 20. exf3 Nd7 21. f4
Bxb2 22. Rxb2 Re3 23. Kh2 Rae8 24. Ng1 Ba6 25. b5 Bxb5 26. Rxb5 cxb5 27. c6 Nc5
28. c7 d4 29. Bh3 Rc3 30. Qe2 Ne6 31. c8=Q Rcxc8 32. Qxb5 Rcd8 33. Nf3 Nxf4 34.
gxf4 Qxf4+ 35. Kg2 Re3 36. Ng1 Qe4+ 37. Kh2 Qc2+ 0-1

[Event "XXXV Festival Conca della Presolana A"]
[Site "Castione della Presolana ITA"]
[Date "2015.08.26"]
[Round "4"]
[White "Mortola, Alberto"]
[Black "Virzi, Ettore"]
[WhiteElo "1994"]
[BlackElo "1965"]
[Result "1/2-1/2"]
[PlyCount "87"]
[EventDate "2015.08.23"]

1. d4 Nf6 2. c4 g6 3. Nc3 d5 4. cxd5 Nxd5 5. e4 Nxc3 6. bxc3 Bg7 7. Nf3 c5 8.
Bb5+ Nc6 9. Bxc6+ bxc6 10. O-O O-O 11. Be3 Qa5 12. Nd2 cxd4 13. Bxd4 e5 14. Nc4
Qa6 15. Nxe5 c5 16. Bxc5 Bxe5 17. Qd5 Bxh2+ 18. Kxh2 Be6 19. Qe5 Qa5 20. Rad1
Rfc8 21. Bd4 Qxe5+ 22. Bxe5 Bxa2 23. Rd2 Bc4 24. Rfd1 a5 25. Bf6 a4 26. f4 a3
27. f5 a2 28. Ra1 Rcb8 29. Rdd1 Rb2 30. Kg3 Bb3 31. Rd7 Rb1 32. c4 Bxc4 33. Rc7
Rxa1 34. Bxa1 gxf5 35. Rxc4 fxe4 36. Rxe4 f6 37. Re7 Ra4 38. Kh3 h6 39. g4 Ra3+
40. Kh4 Ra5 41. Rb7 f5 42. g5 hxg5+ 43. Kxg5 Kf8 44. Kf4 1/2-1/2

[Event "XXXV Festival Conca della Presolana A"]
[Site "Castione della Presolana ITA"]
[Date "2015.08.26"]
[Round "4"]
[White "Pedoni, Lorenzo"]
[Black "Izzo, Riccardo"]
[WhiteElo "1969"]
[BlackElo "1732"]
[Result "1-0"]
[PlyCount "139"]
[EventDate "2015.08.23"]

1. d4 d5 2. c4 c6 3. cxd5 cxd5 4. Nc3 Nf6 5. Bf4 Nc6 6. e3 a6 7. Bd3 e6 8. Rc1
Bb4 9. a3 Be7 10. h3 O-O 11. Nf3 Bd7 12. O-O b5 13. b4 Rc8 14. Nd2 Qb6 15. Nb3
Rfd8 16. Nc5 Ne8 17. Qc2 h6 18. Ne2 Nd6 19. Bxd6 Bxd6 20. f4 f5 21. g4 g6 22.
Kh1 Bxc5 23. dxc5 Qc7 24. Nd4 Nxd4 25. exd4 Rf8 26. Qg2 Kh7 27. Rce1 Qd8 28.
Rg1 Rg8 29. Re3 Qf6 30. Rg3 Qf7 31. Bc2 Bc6 32. g5 h5 33. Bd1 Qc7 34. Qd2 Kg7
35. Qe3 Rge8 36. Qf2 Bd7 37. Re3 Qc6 38. Rge1 Kf7 39. Qe2 Rcd8 40. Bb3 Rb8 41.
Rf3 Qc7 42. Rc1 Bc6 43. Ra1 Qd7 44. Qe5 Qe7 45. a4 Ra8 46. Ra2 Reb8 47. Rf1 Qd8
48. Re1 Qe7 49. axb5 axb5 50. Rea1 Qd8 51. Ra7+ Rxa7 52. Rxa7+ Rb7 53. Ra6 Rc7
54. Bc2 Qe7 55. Qh8 Be8 56. Ra8 Rd7 57. c6 Rd6 58. Ra7 Qxa7 59. Qh7+ Kf8 60.
Qxa7 Rxc6 61. Bd3 Rc3 62. Bxb5 Bxb5 63. Qb8+ Be8 64. b5 Rxh3+ 65. Kg2 Rb3 66.
b6 Rb2+ 67. Kg3 Rb3+ 68. Kh4 Rf3 69. b7 Rb3 70. Qd6+ 1-0

[Event "XXXV Festival Conca della Presolana A"]
[Site "Castione della Presolana ITA"]
[Date "2015.08.26"]
[Round "4"]
[White "Rorato, Renzo"]
[Black "Asperti, Giovanni"]
[WhiteElo "1963"]
[BlackElo "1759"]
[Result "1-0"]
[PlyCount "85"]
[EventDate "2015.08.23"]

1. Nf3 Nf6 2. c4 g6 3. Nc3 d5 4. cxd5 Nxd5 5. Qa4+ Bd7 6. Qd4 Nf6 7. e4 Nc6 8.
Qc4 Na5 9. Qe2 Bg4 10. h3 Bxf3 11. Qxf3 e5 12. Bb5+ c6 13. Be2 b6 14. d3 Bg7
15. Be3 c5 16. g4 Nc6 17. Qg3 Nd7 18. f4 exf4 19. Bxf4 Nde5 20. g5 Qd7 21. Nd5
O-O-O 22. b4 cxb4 23. d4 Nxd4 24. Ba6+ Kb8 25. Bxe5+ Bxe5 26. Qxe5+ Qd6 27.
Qxd4 Qg3+ 28. Qf2 Qe5 29. Qf4 Rxd5 30. Qxe5+ Rxe5 31. O-O-O Rxe4 32. Rd7 Re5
33. Rf1 Ra5 34. Bd3 Rxg5 35. Rfxf7 Ra5 36. Kb2 Kc8 37. Bc4 Rd8 38. Rc7+ Kb8 39.
Rxh7 Rc5 40. Rb7+ Ka8 41. Rxa7+ Kb8 42. Rhb7+ Kc8 43. Be6+ 1-0

[Event "XXXV Festival Conca della Presolana A"]
[Site "Castione della Presolana ITA"]
[Date "2015.08.26"]
[Round "4"]
[White "Rossini, Fulvio"]
[Black "Caputi, Giuliano"]
[WhiteElo "1964"]
[BlackElo "1884"]
[Result "1-0"]
[PlyCount "91"]
[EventDate "2015.08.23"]

1. e4 e5 2. Nf3 Nc6 3. Bc4 Bc5 4. c3 Nf6 5. d3 a6 6. h3 O-O 7. O-O h6 8. Re1 d6
9. Bb3 Bb6 10. Nbd2 Re8 11. Nf1 Bd7 12. Ng3 Qc8 13. Be3 Bxe3 14. Rxe3 Na5 15.
Bc2 c5 16. Nh4 Nc6 17. Ngf5 Bxf5 18. Nxf5 Qd7 19. Rg3 g6 20. Nxh6+ Kf8 21. Bb3
Nd8 22. Ng4 Nxg4 23. Qxg4 Qxg4 24. Rxg4 Ke7 25. f4 exf4 26. Rxf4 Rf8 27. Raf1
f6 28. Rh4 Ne6 29. Rh7+ Rf7 30. Rxf7+ Kxf7 31. g3 Rh8 32. Kg2 g5 33. Rh1 Ke7
34. Bxe6 Kxe6 35. h4 gxh4 36. gxh4 b5 37. Kf3 f5 38. h5 fxe4+ 39. Kxe4 d5+ 40.
Ke3 Kf5 41. h6 Rh7 42. Rh5+ Ke6 43. Kf4 a5 44. a3 a4 45. Kg5 Kf7 46. Kf5 1-0

[Event "XXXV Festival Conca della Presolana A"]
[Site "Castione della Presolana ITA"]
[Date "2015.08.26"]
[Round "4"]
[White "Saracco, Marco"]
[Black "Manoni, Emmanuel Denis"]
[WhiteElo "1810"]
[BlackElo "1892"]
[Result "1/2-1/2"]
[PlyCount "88"]
[EventDate "2015.08.23"]

1. d4 Nf6 2. Nf3 g6 3. g3 Bg7 4. Bg2 O-O 5. O-O c5 6. e3 d6 7. c4 Nc6 8. b3 Qc7
9. Bb2 Rb8 10. d5 Nd8 11. Nc3 a6 12. a4 e5 13. Nd2 Ne8 14. e4 f5 15. Bh3 f4 16.
Bxc8 Qxc8 17. Kg2 g5 18. h3 Nf6 19. g4 h5 20. f3 Nf7 21. Kf2 Nh6 22. Rg1 Kf7
23. Rg2 Rh8 24. Nf1 hxg4 25. hxg4 Nhg8 26. Rh2 Ne7 27. Kg1 Ng6 28. Qe2 Nh4 29.
Kf2 Qd7 30. Ke1 Rh6 31. Kd2 Rbh8 32. Rf2 Bf8 33. Kc2 Be7 34. Nd2 Ng6 35. Rg1
Nh4 36. Bc1 Bd8 37. Bb2 Ba5 38. Kd3 Rb8 39. Kc2 Bxc3 40. Bxc3 Ne8 41. Ra1 Nc7
42. Ba5 Rhh8 43. Bxc7 Qxc7 44. Nb1 Qa5 1/2-1/2

[Event "XXXV Festival Conca della Presolana A"]
[Site "Castione della Presolana ITA"]
[Date "2015.08.27"]
[Round "5"]
[White "Asperti, Giovanni"]
[Black "De Maria, Isaia"]
[WhiteElo "1759"]
[BlackElo "1794"]
[Result "1-0"]
[PlyCount "83"]
[EventDate "2015.08.23"]

1. e4 c5 2. Nf3 Nc6 3. d4 cxd4 4. Nxd4 g6 5. c4 Nf6 6. Nc3 d6 7. Be2 Nxd4 8.
Qxd4 Bg7 9. Be3 O-O 10. Qd2 Be6 11. O-O Qa5 12. Rac1 Rfc8 13. b3 a6 14. Bh6 b5
15. Bxg7 Kxg7 16. cxb5 axb5 17. Qd4 b4 18. Na4 Rxc1 19. Rxc1 Rc8 20. Rxc8 Bxc8
21. Bc4 Bd7 22. f4 Bxa4 23. e5 dxe5 24. fxe5 Ng8 25. bxa4 Qxa4 26. e6+ f6 27.
Bb3 Qa5 28. g4 g5 29. Qe4 Qc5+ 30. Kg2 Qe5 31. Bc2 Qxe4+ 32. Bxe4 f5 33. Bxf5
Nf6 34. Kf3 Nd5 35. Bc2 Kf6 36. Bb3 Ke5 37. Ke2 Kd4 38. Bxd5 Kxd5 39. Kd3 Kxe6
40. Kc4 Kd6 41. Kxb4 e5 42. Kc4 1-0

[Event "XXXV Festival Conca della Presolana A"]
[Site "Castione della Presolana ITA"]
[Date "2015.08.27"]
[Round "5"]
[White "Boccalatte, Piero"]
[Black "Lavorgna, Filippo"]
[WhiteElo "1913"]
[BlackElo "1840"]
[Result "0-1"]
[PlyCount "128"]
[EventDate "2015.08.23"]

1. d4 Nf6 2. c4 e6 3. Nc3 d5 4. Bg5 Be7 5. e3 O-O 6. Nf3 Nbd7 7. Rc1 c6 8. Qc2
dxc4 9. Bxc4 b5 10. Bd3 a6 11. O-O Bb7 12. Ne4 h6 13. Bh4 Nxe4 14. Bxe7 Qxe7
15. Bxe4 Rac8 16. Nd2 f5 17. Bf3 e5 18. dxe5 Nxe5 19. Be2 c5 20. Nf3 Nxf3+ 21.
Bxf3 Bxf3 22. gxf3 Qe5 23. Rfd1 c4 24. Rd4 f4 25. Qe2 Rce8 26. Qd2 fxe3 27.
fxe3 Qxe3+ 28. Qxe3 Rxe3 29. f4 Rf3 30. Rf1 Rxf1+ 31. Kxf1 g5 32. Rd6 Rxf4+ 33.
Kg2 Kg7 34. Rxa6 Rd4 35. b3 cxb3 36. axb3 Rd3 37. h4 g4 38. h5 Rxb3 39. Rg6+
Kh7 40. Rxg4 Rc3 41. Rg6 Rc5 42. Rb6 Rxh5 43. Kg3 Rc5 44. Kg4 h5+ 45. Kh4 Kg7
46. Kg3 Kf7 47. Kf3 Ke7 48. Ke3 Kd7 49. Kd4 Rg5 50. Rh6 Kc7 51. Kc3 Kd7 52. Kd3
b4 53. Kc2 Ke7 54. Kb3 Rb5 55. Rg6 Kf7 56. Rd6 Kg7 57. Re6 h4 58. Re4 Rh5 59.
Kxb4 h3 60. Re1 h2 61. Rh1 Kg6 62. Kc3 Kg5 63. Kd3 Kg4 64. Ke2 Kg3 0-1

[Event "XXXV Festival Conca della Presolana A"]
[Site "Castione della Presolana ITA"]
[Date "2015.08.27"]
[Round "5"]
[White "Bossi, Alessandro"]
[Black "Di Paolo, Marco"]
[WhiteElo "2043"]
[BlackElo "1908"]
[Result "1/2-1/2"]
[PlyCount "33"]
[EventDate "2015.08.23"]

1. e4 c5 2. Nf3 Nc6 3. Bb5 g6 4. Bxc6 bxc6 5. O-O Bg7 6. Re1 Nf6 7. d3 O-O 8.
Bd2 Qc7 9. Bc3 d6 10. Nbd2 Rb8 11. h3 h6 12. b3 Be6 13. a4 Nd7 14. Bxg7 Kxg7
15. d4 cxd4 16. Nxd4 Nc5 17. Nxe6+ 1/2-1/2

[Event "XXXV Festival Conca della Presolana A"]
[Site "Castione della Presolana ITA"]
[Date "2015.08.27"]
[Round "5"]
[White "Bracci, Andrea"]
[Black "Lavorgna, Giovanni"]
[WhiteElo "1878"]
[BlackElo "1914"]
[Result "1-0"]
[PlyCount "55"]
[EventDate "2015.08.23"]

1. e4 c5 2. Nf3 d6 3. d4 cxd4 4. Nxd4 Nf6 5. Nc3 Nc6 6. Bg5 e6 7. Qd2 Be7 8.
O-O-O O-O 9. f4 Nxd4 10. Qxd4 Qa5 11. Be2 Rd8 12. Qe3 Bd7 13. e5 dxe5 14. fxe5
Nd5 15. Nxd5 Bxg5 16. Qxg5 exd5 17. Kb1 Rac8 18. Bd3 Be6 19. Qh4 g6 20. Qd4 Qc5
21. c3 Qc7 22. h4 Qd7 23. Rdf1 h5 24. Rf6 Rf8 25. Rhf1 Rce8 26. Qf4 Bg4 27.
Bxg6 fxg6 28. Rxf8+ 1-0

[Event "XXXV Festival Conca della Presolana A"]
[Site "Castione della Presolana ITA"]
[Date "2015.08.27"]
[Round "5"]
[White "Caputi, Giuliano"]
[Black "Fiscato, Claudio"]
[WhiteElo "1884"]
[BlackElo "1742"]
[Result "1-0"]
[PlyCount "104"]
[EventDate "2015.08.23"]

1. e4 c5 2. Nf3 e6 3. d4 cxd4 4. Nxd4 Nc6 5. Bc4 a6 6. O-O Qc7 7. Nc3 Nf6 8.
Nxc6 Qxc6 9. Qe2 d6 10. Kh1 Be7 11. f3 O-O 12. Be3 b6 13. Bd3 Bb7 14. a4 Nd7
15. Qf2 Bf6 16. Ra3 Bd8 17. Rd1 Rb8 18. b4 Qc7 19. Ne2 Rc8 20. Rc3 Qb8 21. Rxc8
Qxc8 22. c4 Qa8 23. Nf4 Bc7 24. Nh5 Kh8 25. Be2 Qe8 26. Nf4 Qe7 27. Nd3 f5 28.
exf5 Rxf5 29. Nf4 Rf8 30. Nh3 Be4 31. Ng5 Bg6 32. h4 h6 33. Nh3 e5 34. Qg3 Qf6
35. Nf2 h5 36. Nh3 Be8 37. Bd3 g6 38. Be4 Bf7 39. Bg5 Qe6 40. Bh6 Rc8 41. Bd5
Qe8 42. Bxf7 Qxf7 43. Be3 Nf8 44. f4 Ne6 45. fxe5 dxe5 46. Ng5 Nxg5 47. Qxg5
Re8 48. c5 bxc5 49. bxc5 Qe6 50. Rf1 Bd8 51. Qh6+ Kg8 52. Bg5 Bxg5 1-0

[Event "XXXV Festival Conca della Presolana A"]
[Site "Castione della Presolana ITA"]
[Date "2015.08.27"]
[Round "5"]
[White "Casartelli, Fabio"]
[Black "Annicchiarico, Luigi"]
[WhiteElo "1816"]
[BlackElo "1725"]
[Result "0-1"]
[PlyCount "50"]
[EventDate "2015.08.23"]

1. d4 e6 2. Nf3 d5 3. Bf4 Bd6 4. Bxd6 Qxd6 5. Nbd2 Nf6 6. e3 O-O 7. Bd3 Nbd7 8.
O-O e5 9. dxe5 Nxe5 10. Nxe5 Qxe5 11. c4 Be6 12. Qc2 Qd6 13. c5 Qe7 14. Nf3 c6
15. Rfe1 Rfe8 16. b4 a6 17. a4 Rec8 18. a5 h6 19. Nd4 Re8 20. Rad1 Rad8 21. f3
Qc7 22. Qf2 Bc8 23. Qh4 Qe7 24. Kf2 Ne4+ 25. Qxe4 dxe4 0-1

[Event "XXXV Festival Conca della Presolana A"]
[Site "Castione della Presolana ITA"]
[Date "2015.08.27"]
[Round "5"]
[White "Cerutti, Fabio Maria"]
[Black "Lazzarini, Sabrina"]
[WhiteElo "1805"]
[BlackElo "1786"]
[Result "1-0"]
[PlyCount "75"]
[EventDate "2015.08.23"]

1. e4 e5 2. Nf3 Nf6 3. Nxe5 d6 4. Nc4 Nxe4 5. d4 d5 6. Ne3 Be7 7. Bd3 O-O 8.
Nd2 Nf6 9. h3 Re8 10. O-O c6 11. Qf3 Bd6 12. Re1 Nbd7 13. Ndf1 Nf8 14. Bd2 Ne6
15. Nf5 Bc7 16. c3 Bd7 17. Nh2 Rc8 18. Ng4 Nxg4 19. hxg4 Ng5 20. Rxe8+ Bxe8 21.
Qe3 Ne6 22. Qh3 Nf8 23. Nxg7 Kxg7 24. Qh6+ Kg8 25. Bg5 Qd6 26. Bf6 Qh2+ 27.
Qxh2 Bxh2+ 28. Kxh2 Bd7 29. Kg3 Re8 30. a4 h6 31. Rh1 Nh7 32. Be5 f6 33. Rxh6
fxe5 34. Rxh7 e4 35. Bxe4 Bxg4 36. Bb1 Bc8 37. Rc7 Kh8 38. f3 1-0

[Event "XXXV Festival Conca della Presolana A"]
[Site "Castione della Presolana ITA"]
[Date "2015.08.27"]
[Round "5"]
[White "Dormio, Luca"]
[Black "Gagliardi, Claudio"]
[WhiteElo "1770"]
[BlackElo "1789"]
[Result "1/2-1/2"]
[PlyCount "89"]
[EventDate "2015.08.23"]

1. Nf3 Nf6 2. d4 e6 3. c4 d5 4. g3 Bb4+ 5. Bd2 Qe7 6. Qa4+ Nc6 7. Ne5 Bxd2+ 8.
Nxd2 Bd7 9. Nxd7 Qxd7 10. e3 O-O 11. Bg2 Rfd8 12. O-O h6 13. Rfd1 e5 14. e4
Nxd4 15. Qxd7 Rxd7 16. exd5 c5 17. dxc6 bxc6 18. Nf3 Rad8 19. Kf1 Nxf3 20. Bxf3
e4 21. Be2 c5 22. Rxd7 Rxd7 23. Rd1 Rxd1+ 24. Bxd1 Nd7 25. f3 Ne5 26. b3 exf3
27. Kf2 f5 28. h4 g5 29. hxg5 hxg5 30. Bc2 Kg7 31. Bxf5 Kf6 32. g4 a5 33. Kg3
Nc6 34. Be4 Nd4 35. Bxf3 Ke5 36. Bb7 Ne2+ 37. Kf3 Nc1 38. Ke3 Nxa2 39. Be4 Nb4
40. Bf5 Nc6 41. Bc2 Nd4 42. Bd1 Ne6 43. Be2 Nf4 44. Bf3 Ne6 45. Be2 1/2-1/2

[Event "XXXV Festival Conca della Presolana A"]
[Site "Castione della Presolana ITA"]
[Date "2015.08.27"]
[Round "5"]
[White "Dubois, Martine"]
[Black "Marchini, Daniele"]
[WhiteElo "1982"]
[BlackElo "1885"]
[Result "1-0"]
[PlyCount "75"]
[EventDate "2015.08.23"]

1. e4 g6 2. d4 d6 3. Nf3 Bg7 4. Nc3 Nd7 5. Bc4 e6 6. Bg5 Ne7 7. Qd2 h6 8. Be3
Nb6 9. Bd3 d5 10. e5 Bd7 11. a4 a5 12. O-O Nf5 13. Qe2 g5 14. h3 Bf8 15. g4 Ng7
16. Nh2 Be7 17. f4 gxf4 18. Bxf4 c5 19. Qf2 cxd4 20. Nb5 Bxb5 21. Bxb5+ Nd7 22.
Bxh6 O-O 23. Bxd7 Qxd7 24. g5 Nf5 25. Ng4 Nxh6 26. gxh6 Kh7 27. Qxd4 Bg5 28.
Kh1 Rg8 29. Rf3 Rg6 30. Raf1 Rf8 31. Qc5 Rgg8 32. Qf2 f5 33. exf6 Qf7 34. Qe2
Bxh6 35. Qd3+ Qg6 36. f7 Qxd3 37. fxg8=Q+ Kxg8 38. Rxf8+ 1-0

[Event "XXXV Festival Conca della Presolana A"]
[Site "Castione della Presolana ITA"]
[Date "2015.08.27"]
[Round "5"]
[White "Foglieni, Matteo"]
[Black "Bosio, Devis"]
[WhiteElo "1969"]
[BlackElo "1971"]
[Result "0-1"]
[PlyCount "88"]
[EventDate "2015.08.23"]

1. c4 f5 2. g3 Nf6 3. Bg2 d6 4. Nc3 g6 5. d3 Bg7 6. e4 fxe4 7. dxe4 c5 8. Nge2
Nc6 9. O-O e5 10. Bg5 h6 11. Be3 O-O 12. f3 Be6 13. Nd5 Qd7 14. Qd2 Kh7 15.
Rab1 Rf7 16. a3 Raf8 17. b4 Nd4 18. bxc5 dxc5 19. Bxd4 exd4 20. Nef4 b6 21. Qc2
Ne8 22. a4 Nd6 23. Nd3 Bxd5 24. exd5 Re7 25. a5 Qc7 26. axb6 axb6 27. Bh3 Re3
28. Kg2 b5 29. cxb5 c4 30. b6 Qb7 31. Nb4 d3 32. Qa4 Qxb6 33. Nxd3 Qd4 34. Nf4
Rxf4 35. gxf4 Re2+ 36. Kh1 Qxf4 37. Bg2 Be5 38. Qd7+ Nf7 39. Qh3 h5 40. Rb7 Kh6
41. Qg3 Nd6 42. Re7 Qxg3 43. hxg3 Nf5 44. f4 Nxg3+ 0-1

[Event "XXXV Festival Conca della Presolana A"]
[Site "Castione della Presolana ITA"]
[Date "2015.08.27"]
[Round "5"]
[White "Izzo, Riccardo"]
[Black "Papa, Angelo"]
[WhiteElo "1732"]
[BlackElo "1744"]
[Result "1-0"]
[PlyCount "49"]
[EventDate "2015.08.23"]

1. d4 g6 2. c4 Bg7 3. Nc3 Nf6 4. e4 d6 5. f3 O-O 6. Bd3 Nc6 7. Nge2 e5 8. d5
Ne7 9. Be3 a6 10. b4 Nh5 11. c5 Nf4 12. O-O f5 13. Rc1 Nxd3 14. Qxd3 f4 15. Bf2
g5 16. cxd6 cxd6 17. Na4 Bd7 18. Nb6 Bb5 19. Qd2 Rb8 20. a4 Bxe2 21. Qxe2 Nc8
22. a5 Na7 23. Rc4 Nb5 24. Rfc1 Qf6 25. Nd7 1-0

[Event "XXXV Festival Conca della Presolana A"]
[Site "Castione della Presolana ITA"]
[Date "2015.08.27"]
[Round "5"]
[White "Manoni, Emmanuel Denis"]
[Black "De Marco, Walter"]
[WhiteElo "1892"]
[BlackElo "1875"]
[Result "1-0"]
[PlyCount "91"]
[EventDate "2015.08.23"]

1. Nf3 Nf6 2. g3 b6 3. Bg2 Bb7 4. d4 e6 5. O-O Be7 6. Nbd2 O-O 7. b3 d6 8. Bb2
Nbd7 9. c4 Ne4 10. Nxe4 Bxe4 11. Nd2 Bxg2 12. Kxg2 f5 13. e4 fxe4 14. Nxe4 Nf6
15. Ng5 Qc8 16. Qe2 e5 17. dxe5 Ng4 18. e6 Nh6 19. Nh3 Qb7+ 20. Kg1 Rae8 21.
Rae1 Qa8 22. Nf4 Rxf4 23. gxf4 Rf8 24. Qe4 Qe8 25. f3 Nf5 26. Re2 Qh5 27. Rg2
Qh3 28. Rg4 h5 29. Rxg7+ Nxg7 30. Qg6 Bf6 31. Bxf6 Rxf6 32. Qxf6 Qxe6 33. Qxe6+
Nxe6 34. f5 Nf4 35. Kf2 Kf7 36. Kg3 Nd3 37. Kh4 Kf6 38. Kxh5 Kxf5 39. Kh4 Kf4
40. Kh3 Nb4 41. Kg2 Nc2 42. Kf2 Nd4 43. h4 Nf5 44. Rg1 a5 45. h5 c6 46. Rg6 1-0

[Event "XXXV Festival Conca della Presolana A"]
[Site "Castione della Presolana ITA"]
[Date "2015.08.27"]
[Round "5"]
[White "Mascheroni, Maurizio"]
[Black "Mortola, Alberto"]
[WhiteElo "1945"]
[BlackElo "1994"]
[Result "1/2-1/2"]
[PlyCount "23"]
[EventDate "2015.08.23"]

1. e4 a6 2. d4 b5 3. Nf3 Bb7 4. Bd3 Nf6 5. Qe2 e6 6. Bg5 Be7 7. Nbd2 d6 8. O-O
Nbd7 9. c3 c5 10. Rac1 O-O 11. Rfe1 e5 12. h3 1/2-1/2

[Event "XXXV Festival Conca della Presolana A"]
[Site "Castione della Presolana ITA"]
[Date "2015.08.27"]
[Round "5"]
[White "Pedoni, Lorenzo"]
[Black "Gardi, Giuseppe"]
[WhiteElo "1969"]
[BlackElo "1925"]
[Result "1/2-1/2"]
[PlyCount "66"]
[EventDate "2015.08.23"]

1. d4 g6 2. c4 Bg7 3. Nc3 d6 4. e4 Nf6 5. Be2 O-O 6. Bg5 Na6 7. Nf3 h6 8. Bf4
Nh5 9. Be3 e5 10. Qd2 exd4 11. Nxd4 Kh7 12. O-O Nf6 13. f3 Nc5 14. Rad1 a5 15.
Ndb5 Qe7 16. b3 Be6 17. Nd5 Bxd5 18. cxd5 Rfd8 19. Rc1 Ne8 20. Nd4 Rdc8 21. Bb5
Nf6 22. Bf2 Nh5 23. Ne2 Rf8 24. Rfe1 Be5 25. Bd4 Qf6 26. Bxe5 Qxe5 27. Nd4 Nf4
28. Ne2 Nxe2+ 29. Rxe2 g5 30. Rf2 Qf4 31. Qc2 Kg7 32. Qc3+ f6 33. a3 Nxb3
1/2-1/2